Представление документа в формате RUSMARC

ПолеНазваниеЗначение
  Тип записи a
  Библиографический уровень m
001 Контрольный номер RU/REG73/CBS_GRAD/38064eeaf07a44359d4e986e57be6616
005 Дата корректировки 20240131203912.6
010 Индекс ISBN __
a ISBN 978-5-09-049870-8
d Цена 25 р.
9 Тираж 3000 экз.
100 Данные общей обработки __
a Данные общей обработки 20240131d 0rusy0189## ca
101 Язык документа 0_
a Язык текста rus
102 Страна публикации __
a Страна публикации RU
105 Кодированные данные (монография) __
a Кодированные данные (монография) y z 000yy
200 Заглавие и сведения об ответственности 1_
a Заглавие Я сдам ЕГЭ! Литература
e Сведения, относящиеся к заглавию Модульный курс. Практикум и диагностика.
e Сведения, относящиеся к заглавию учебное пособие для общеобразовательных организаций
f Первые сведения об ответственности С.А. Зинин, Н.В. Беляева, Л.Н. Гороховская и др.
203 Вид содержания и тип средства __
a Вид содержания Текст
b Характеристика содержания визуальное
c Тип средства непосредственный
210 Выходные данные 1_
a Место издания Москва
c Издательство Просвещение
d Дата издания 2017
215 Физическое описание __
a Объем 237 с.
d Формат 25 см.
606 Тематические рубрики 0_
a Основная рубрика Литература
610 Ключевые слова 0_
a Ключевые слова подготовка к ЕГЭ, литература
686 Индексы других классификаций __
a Классификационный индекс 83.3
2 Код системы rubbk
700 Автор _1
a Фамилия Зинин
b Имя (инициалы) С.А.
4 Код отношения 070
701 Альтернативная интеллектуальная ответственность _1
a Фамилия Беляева
b Имя (инициалы) Н.В.
4 Код отношения 070
701 Альтернативная интеллектуальная ответственность _1
a Фамилия Гороховская
b Имя (инициалы) Л.Н. и др.
4 Код отношения 070
801 Источник записи _0
a Страна RU
b Организация RuCBSGrad
c Дата составления 20240131
g Правила каталогизации RCR
801 Источник записи _1
a Страна RU
b Организация RuCBSGrad
c Дата составления 20240131
g Правила каталогизации RCR
852 Данные о местонахождении __
a Наименование организации МБУК "ЦБС г. Димитровграда"
i Авторский знак Я 119
m Каталогизатор Тенигина
z Тип записи R
t Дата завершения обработки 20240131
901 Тип документа __
t Тип документа m
909 Создатель записи __
a Создатель записи Тенигина
b Дата создания записи 20240131